000 00352nam a22001577a 4500
003 SGT
020 _a9781451180674
082 _a615.1
_bB15S
100 _aSTEIN,SUSAN M.
245 _aBOH'S PHARMACY PRACTICE MANUAL
250 _a4TH
260 _aNEW YORK
_bWOLTERS KLUWER
_c2015
300 _a675
650 _aPHARMACY PRACTICE
942 _2ddc
_cBK
999 _c22916
_d22916